Economics of tourism and hospitality: A micro approach (Record no. 395691)

MARC details
000 -LEADER
fixed length control field 00540 a2200205 4500
005 - DATE & TIME
control field 20260116151307.0
008 - FIXED-LENGTH DATA ELEMENTS--GENERAL INFORMATION
fixed length control field 260116b |||||||| |||| 00| 0 eng d
020 ## - ISBN
International Standard Book Number 978036789732
Price £ 42.99
040 ## - CATALOGING SOURCE
Original cataloging agency VIVEKANANDA LIBRARY
082 ## - DDC NUMBER
Classification number 338.4791
Book Number C421E
100 ## - MAIN ENTRY--PERSONAL NAME
Personal name Chen, Yong
110 ## - MAIN ENTRY--CORPORATE NAME
Corporate name Chen, Yong
245 ## - TITLE STATEMENT
Title Economics of tourism and hospitality: A micro approach
260 ## - PUBLICATION, DISTRIBUTION, ETC. (IMPRINT)
Name of publisher, distributor, etc Routledge
Date of publication, distribution, etc 2021
Place of publication, distribution, etc London
300 ## - PHYSICAL DESCRIPTION
Pages xxviii, 386
650 ## - Subject
Subject Hospitality Industry
650 ## - Subject
Subject Tourism
650 ## - Subject
Subject Microeconomics
942 ## - ADDED ENTRY ELEMENTS (KOHA)
Koha item type Books
Holdings
Withdrawn status Lost status Source of classification or shelving scheme Damaged status Not for loan Location (home branch) Sublocation or collection (holding branch) Shelving location Date acquired Koha issues (times borrowed) Koha full call number Accession No. Koha date last seen Koha item type
    Dewey Decimal Classification     VIVEKANANDA LIBRARY VIVEKANANDA LIBRARY IHTM Library 24/12/2025   338.4791 C421E 443811 24/12/2025 Books
© Designed and Maintained by Vivekananda Library, MDU Rohtak